Unironic Generation Z Slang Quiz - Statistics

General Stats
  • This quiz has been taken 99 times
  • The average score is 15 of 29
Answer Stats
Hint Word % Correct
Average Mid
82%
A lie Cap
81%
*One's charm/seduction skills Rizz
73%
*Suspicious Sus
73%
Best friends Bestie
70%
Style or expensive attire Drip
68%
Enemy Opp
68%
Yes; okay; "it's on" Bet
65%
To be caught Caught in {4K}
65%
Ending communication without warning Ghost
65%
What one is wearing Fit
64%
A warning sign (usually within a relationship) Red Flag
62%
Sudden feeling of disgust (usually toward a partner) Ick
61%
Secret information to be spilled Tea
58%
To over-hype, praise, or compliment Glaze
51%
To do something well (or if -ed, to be in trouble) Cook(ed)
47%
A major improvement Glow-Up
43%
One who is overly affectionate to get a relationship Simp
40%
Gay or Flamboyant Zesty
40%
Talk at length and annoyingly so Yap
39%
Low quality media, (or if -ed, to be consumed by such) Brainrot(ted)
35%
To throw with force, also an interjection Yeet
35%
Overzealous fan Stan
34%
To do something well Slay
29%
*Obnoxious or entitled person rude to others Karen
27%
Euphemism for to die Unalive
26%
To sell it is to fumble what could have been success The {Bag}
25%
To be acting strangely as if under an influence Tweak
22%
A person who appears average/shallow NPC
14%
No matching quizzes found
Score Distribution
Percent of People with Each Score
Percentile by Number Answered
Your Score History
You have not taken this quiz